| 000 | 00876cam a2200265 a 4500 | ||
|---|---|---|---|
| 001 | 2603 | ||
| 005 | 20250828113202.0 | ||
| 020 | _a9780590677318 | ||
| 040 |
_aDLC _cDLC _dDLC _beng |
||
| 050 | 0 | 0 |
_aPZ7.G586 _b 1994 |
| 082 | 0 | 0 | _a895.635 |
| 100 | 1 | _aGomi, TarÅ | |
| 245 | 1 | 4 |
_aThe crocodile and the dentist / _cby Taro Gomi |
| 250 | _aFirst Scholastic printing , February 1996 | ||
| 260 |
_aBrookfield : _bScholastic, _c1994 |
||
| 300 |
_a26 unnumbered pages : _bcolor illustrations ; _c23 cm. |
||
| 505 | _aD | ||
| 520 | _aCrocodile goes to the dentist, and both of them have to overcome their fears--not only of tooth extractions, but of each other. | ||
| 521 |
_a180
_bLexile |
||
| 521 |
_aD
_bRaz-Plus |
||
| 650 | 1 |
_aCrocodiles _xFiction. |
|
| 650 | 1 |
_aDentists _xFiction. |
|
| 906 |
_a7 _bcbc _corignew _d1 _eocip _f19 _gy-gencatlg |
||
| 942 |
_2ddc _cBK _n0 |
||
| 999 |
_c2603 _d2603 |
||